| Tag |
First Indicator |
Second Indicator |
Subfields |
| LEADER |
00000cam a22000001a 4500 |
| 001 |
in00003638607 |
| 005 |
20190408152457.0 |
| 006 |
m o d f |
| 007 |
cr bn mmmapmmp |
| 008 |
141119s1885 dcu o f000 0 eng d |
| 035 |
|
|
|a ebd1909111787
|
| 040 |
|
|
|a UMI
|c UMI
|d UtOrBLW
|
| 086 |
0 |
|
|a T 22.7:885
|
| 099 |
|
|
|a T2207-5
|
| 110 |
1 |
|
|a United States.
|b Department of the Treasury.
|0 http://id.loc.gov/authorities/names/n78096864
|
| 245 |
1 |
0 |
|a Collection of internal revenue and condition of service; report of Hon. Joseph S. Miller, Commissioner of Internal Revenue, to Hon. Daniel Manning, Secretary of Treasury.
|
| 264 |
|
1 |
|a [Washington] :
|b GPO,
|c 1885.
|
| 300 |
|
|
|a 1 online resource (11 pages)
|
| 336 |
|
|
|a text
|b txt
|2 rdacontent
|
| 337 |
|
|
|a computer
|b c
|2 rdamedia
|
| 338 |
|
|
|a online resource
|b cr
|2 rdacarrier
|
| 500 |
|
|
|a Reports include statement of aggregate tax collections by district and collector. Beginning in 1882, reports also include statement of tax receipts, and the volume of selected commodities on which taxes were paid, with some data shown by State.
|
| 533 |
|
|
|a Electronic reproduction.
|b [Bethesda, Md.] :
|c ProQuest,
|d 2014.
|e digital, PDF file.
|n ProQuest U.S. Executive Branch Documents
|n Mode of access: World Wide Web via ProQuest website.
|
| 588 |
|
|
|a Record is based on online resource; title from PDF title page (ProQuest, last viewed Nov. 2014). Reuse except for individual research requires license from ProQuest, LLC.
|
| 500 |
|
|
|a Electronic resource.
|
| 610 |
1 |
0 |
|a United States.
|b Internal Revenue Service.
|0 http://id.loc.gov/authorities/names/n79063888
|
| 655 |
|
7 |
|a Electronic books.
|2 local
|
| 856 |
4 |
0 |
|u http://proxy.library.tamu.edu/login?url=http://congressional.proquest.com/congressional/docview/t66.d71.t2207-5
|z Connect to the full text of this electronic document
|t 0
|
| 999 |
f |
f |
|s d6aa0913-a4d2-3931-bd2f-450296751ac7
|i 20f65924-df3a-32d2-a4d5-cbaa5e855754
|t 0
|
| 952 |
f |
f |
|a Texas A&M University
|b College Station
|c Electronic Resources
|d Available Online
|t 0
|h No information provided
|
| 998 |
f |
f |
|t 0
|l Available Online
|